[Event "Doha Ramadan op"]
[Site "Doha"]
[Date "2024.03.17"]
[Round "4"]
[White "Syed, Abdul Khader"]
[Black "Amulya, Guruprasad"]
[Result "1-0"]
[WhiteElo "1966"]
[BlackElo "1712"]
[PlyCount "47"]
[EventDate "2024.03.14"]
[EventType "swiss"]
[EventRounds "9"]
[EventCountry "QAT"]
[SourceTitle "CB15_2024"]
[SourceDate "2024.04.10"]
[SourceVersion "1"]
[SourceVersionDate "2024.04.10"]
[SourceQuality "1"]

1. d4 Nf6 2. c4 g6 3. Nc3 d5 4. cxd5 Nxd5 5. Bd2 Bg7 6. e4 Nxc3 7. Bxc3 0-0 8. Qd2 c6 9. Nf3 Nd7 10. Bd3 Re8 11. 0-0 Nf8 12. Bc4 Qc7 13. Rac1 Rd8 14. d5 Bxc3 15. Qxc3 cxd5 16. exd5 Qd6 17. Rfe1 e6 18. Rcd1 Qb6 19. Ng5 exd5 20. Bxd5 Be6 21. Ne4 Nd7 22. Bxe6 Qxe6 23. Rxd7 Re8 24. h4 1-0

[Event "Doha Ramadan op"]
[Site "Doha"]
[Date "2024.03.16"]
[Round "3"]
[White "Tanvish, Reddy Tiruvalluru"]
[Black "Syed, Abdul Khader"]
[Result "0-1"]
[WhiteElo "1642"]
[BlackElo "1966"]
[PlyCount "124"]
[EventDate "2024.03.14"]
[EventType "swiss"]
[EventRounds "9"]
[EventCountry "QAT"]
[SourceTitle "CB15_2024"]
[SourceDate "2024.04.10"]
[SourceVersion "1"]
[SourceVersionDate "2024.04.10"]
[SourceQuality "1"]

1. d4 Nf6 2. Nf3 e6 3. c4 d5 4. Nc3 c6 5. cxd5 exd5 6. Bf4 Bf5 7. e3 Qb6 8. Qc1 Be7 9. Be2 Nbd7 10. 0-0 h6 11. h3 0-0 12. a3 Qd8 13. Ne5 Nxe5 14. Bxe5 Nd7 15. Bf4 Re8 16. Qd2 Nb6 17. b3 a5 18. Bd3 Bxd3 19. Qxd3 a4 20. Nxa4 Nxa4 21. bxa4 Rxa4 22. Rfc1 Qa5 23. Qb3 Qa6 24. Rc3 Ra8 25. Qb2 Bxa3 26. Rcxa3 Rxa3 27. Rxa3 Qxa3 28. Qxb7 Qa6 29. Qd7 Qc8 30. Qd6 Qe8 31. Qc5 Ra1+ 32. Kh2 Ra2 33. Bg3 h5 34. Qd6 Rc2 35. Qf4 Qe6 36. Qg5 Qg6 37. Qxg6 fxg6 38. f3 g5 39. h4 Re2 40. hxg5 Rxe3 41. Bf4 Re2 42. Kh3 Kf7 43. g4 hxg4+ 44. Kxg4 Ke6 45. Bc7 c5 46. dxc5 d4 47. f4 d3 48. Kf3 Kf5 49. Be5 Re4 50. Bc3 g6 51. Bd2 Rc4 52. Ke3 Rxc5 53. Kxd3 Rd5+ 54. Ke3 Rxd2 55. Kxd2 Kxf4 56. Ke2 Kxg5 57. Kf3 Kh4 58. Kf2 Kh3 59. Kg1 Kg3 60. Kh1 g5 61. Kg1 g4 62. Kh1 Kf2 0-1